Harvest song : (Record no. 131511)

MARC details
000 -LEADER
fixed length control field 00867nam a22002657a 4500
003 - CONTROL NUMBER IDENTIFIER
control field dpl
005 - DATE AND TIME OF LATEST TRANSACTION
control field 20180727130812.0
008 - FIXED-LENGTH DATA ELEMENTS--GENERAL INFORMATION
fixed length control field 180727b xxu||||| |||| 00| 0 eng d
010 ## - LIBRARY OF CONGRESS CONTROL NUMBER
LC control number B-228568
020 ## - INTERNATIONAL STANDARD BOOK NUMBER
Terms of availability 350.00
International Standard Book Number 8185604509
035 ## - SYSTEM CONTROL NUMBER
System control number B-228568, B-228573
037 ## - SOURCE OF ACQUISITION
Source of stock number/acquisition Cen Lib/Ret
040 ## - CATALOGING SOURCE
Original cataloging agency DPL
Language of cataloging EN
Transcribing agency 0
082 ## - DEWEY DECIMAL CLASSIFICATION NUMBER
Classification number N
Item number ROY
100 ## - MAIN ENTRY--PERSONAL NAME
Personal name Roy, Sabitri
9 (RLIN) 31969
245 ## - TITLE STATEMENT
Title Harvest song :
Statement of responsibility, etc by Sabitri Roy; translated by Chandrima Bhattacharya [and] Adrita Mukherjee
Remainder of title a novel on the Tebhaga movement /
260 ## - PUBLICATION, DISTRIBUTION, ETC. (IMPRINT)
Place of publication, distribution, etc Kolkata
Name of publisher, distributor, etc STREE
Date of publication, distribution, etc 2005
270 ## - ADDRESS
Address 16 Southern Avenue
City Kolkata
Postal code 700 026
300 ## - PHYSICAL DESCRIPTION
Extent xi,373p.
Dimensions 21cm(pbk)
650 ## - SUBJECT ADDED ENTRY--TOPICAL TERM
Topical term or geographic name as entry element Bengali fiction
9 (RLIN) 31970
650 ## - SUBJECT ADDED ENTRY--TOPICAL TERM
Topical term or geographic name as entry element Peasant uprisings -- India -- Bengal -- Fiction
9 (RLIN) 31971
700 ## - ADDED ENTRY--PERSONAL NAME
Personal name Bhattacharya, Chandrima
9 (RLIN) 31972
700 ## - ADDED ENTRY--PERSONAL NAME
Personal name Mukherjee, Adrita
9 (RLIN) 31973
942 ## - ADDED ENTRY ELEMENTS (KOHA)
Source of classification or shelving scheme Dewey Decimal Classification
Koha item type English Books
Classification part N
Call number suffix ROY
Holdings
Withdrawn status Lost status Damaged status Not for loan Home library Current library Date acquired Source of acquisition Cost, normal purchase price Total Checkouts Full call number Barcode Date last seen Copy number Cost, replacement price Price effective from Koha item type Source of classification or shelving scheme Collection code Total Renewals Date checked out
        Central Library Central Library 15/07/2015 Cen Lib/Ret 350.00   N ROY B-228568 15/07/2015 1 350.00 15/07/2015 English Books        
        Sarojini Nagar Sarojini Nagar 20/12/2018       N ROY B-228570 20/12/2018     20/12/2018 English Books Dewey Decimal Classification Fiction    
        Shahdara Branch Shahdara Branch 27/07/2018 BPPD/PUB 350.00   N ROY B-228573 27/07/2018   350.00 27/07/2018 English Books Dewey Decimal Classification      
        Yojana Vihar Yojana Vihar 27/09/2019 BPPD/PUB 350.00 3 N ROY B-228574 04/06/2024   350.00 27/09/2019 English Books Dewey Decimal Classification Fiction 3 16/05/2024

© Delhi Public Library
Hit Counter
free hit counter